ANATOMY AND PHYSIOGY OF TROPICAL LIVESTOCK (Record no. 16891)

MARC details
000 -LEADER
fixed length control field 00443nam a22001697a 4500
003 - CONTROL NUMBER IDENTIFIER
control field OSt
005 - DATE AND TIME OF LATEST TRANSACTION
control field 20211105102243.0
008 - FIXED-LENGTH DATA ELEMENTS--GENERAL INFORMATION
fixed length control field 211105b |||||||| |||| 00| 0 eng d
040 ## - CATALOGING SOURCE
Transcribing agency HAWASSA UNIVERSITY
050 ## - LIBRARY OF CONGRESS CALL NUMBER
Classification number 636.089200913/ANA
Item number 1
082 ## - DEWEY DECIMAL CLASSIFICATION NUMBER
Classification number 636.089200913/ANA
Item number 1
100 ## - MAIN ENTRY--PERSONAL NAME
Personal name HEATH E.
9 (RLIN) 17054
245 ## - TITLE STATEMENT
Title ANATOMY AND PHYSIOGY OF TROPICAL LIVESTOCK
260 ## - PUBLICATION, DISTRIBUTION, ETC.
Place of publication, distribution, etc. LONDON
Name of publisher, distributor, etc. NEW YORK
Date of publication, distribution, etc. 1985
300 ## - PHYSICAL DESCRIPTION
Extent 138
942 ## - ADDED ENTRY ELEMENTS (KOHA)
Source of classification or shelving scheme Dewey Decimal Classification
Koha item type Books like text book referance book
Suppress in OPAC No
Holdings
Withdrawn status Lost status Source of classification or shelving scheme Damaged status Not for loan Home library Current library Date acquired Total Checkouts Full call number Barcode Date last seen Copy number Price effective from Koha item type
    Dewey Decimal Classification     College of Agriculture Library College of Agriculture Library 11/05/2021   636.089200913/ANA ALIB0008045 11/05/2021 1 11/05/2021 Books like text book referance book